[Event "PMPJ 2022- D17"]
[Site "Jastrzebia Gora"]
[Date "2022.11.08"]
[Round "4.9"]
[White "Lopusiewicz, Marta"]
[Black "Nagly, Malgorzata"]
[Result "1-0"]
[BlackElo "1077"]
[WhiteElo "1270"]
[LiveChessVersion "1.4.8"]

1. d4 {[%clk 1:30:59]} d5 {[%clk 1:30:58]} 2. c4 {[%clk 1:31:24]} c6
{[%clk 1:31:15]} 3. cxd5 {[%clk 1:31:23]} cxd5 {[%clk 1:31:41]} 4. Bf4
{[%clk 1:31:48]} Nc6 {[%clk 1:30:55]} 5. Nc3 {[%clk 1:31:31]} Bf5
{[%clk 1:29:28]} 6. e3 {[%clk 1:30:32]} e6 {[%clk 1:25:25]} 7. Qb3
{[%clk 1:29:12]} Qd7 {[%clk 1:18:54]} 8. Nf3 {[%clk 1:27:57]} Nf6
{[%clk 1:17:40]} 9. Ne5 {[%clk 1:18:20]} Qc8 {[%clk 1:05:22]} 10. Bb5
{[%clk 0:52:26]} Nd7 {[%clk 1:00:22]} 11. Qa4 {[%clk 0:37:11]} Ndxe5
{[%clk 0:56:37]} 12. Bxe5 {[%clk 0:37:34]} a6 {[%clk 0:54:54]} 13. Bxc6+
{[%clk 0:37:47]} Qxc6 {[%clk 0:55:01]} 14. O-O {[%clk 0:36:59]} f6
{[%clk 0:48:13]} 15. Bg3 {[%clk 0:36:25]} Be7 {[%clk 0:46:22]} 16. Rac1
{[%clk 0:29:41]} O-O {[%clk 0:43:29]} 17. Qxc6 {[%clk 0:29:22]} bxc6
{[%clk 0:43:48]} 18. Na4 {[%clk 0:29:38]} Bd3 {[%clk 0:34:31]} 19. Rfd1
{[%clk 0:25:58]} Bb5 {[%clk 0:30:30]} 20. Nb6 {[%clk 0:21:55]} Ra7
{[%clk 0:25:25]} 21. a4 {[%clk 0:22:12]} Rb7 {[%clk 0:18:48]} 22. axb5
{[%clk 0:22:15]} Rxb6 {[%clk 0:19:03]} 23. Rxc6 {[%clk 0:21:52]} Rxc6
{[%clk 0:10:50]} 24. bxc6 {[%clk 0:22:16]} a5 {[%clk 0:10:57]} 25. c7
{[%clk 0:21:18]} Rc8 {[%clk 0:10:52]} 26. Rc1 {[%clk 0:21:35]} Kf7
{[%clk 0:07:43]} 27. Rc6 {[%clk 0:21:52]} Bb4 {[%clk 0:03:46]} 28. Rb6
{[%clk 0:19:43]} Ke7 {[%clk 0:03:21]} 29. Kf1 {[%clk 0:19:36]} g5
{[%clk 0:00:35]} 30. h3 {[%clk 0:19:42]} h5 {[%clk 0:00:37]} 31. Ke2
{[%clk 0:19:10]} g4 {[%clk 0:00:38]} 32. hxg4 {[%clk 0:17:43]} hxg4
{[%clk 0:01:07]} 33. Kd3 {[%clk 0:17:46]} f5 {[%clk 0:00:43]} 34. Bh4+
{[%clk 0:17:55]} Kd7 {[%clk 0:01:11]} 35. Bd8 {[%clk 0:18:09]} Bd6
{[%clk 0:00:57]} 36. Ra6 {[%clk 0:11:45]} Bxc7 {[%clk 0:00:33]} 37. Bxc7
{[%clk 0:12:06]} Rxc7 {[%clk 0:01:00]} 38. Rxa5 {[%clk 0:12:30]} Rc4
{[%clk 0:00:32]} 39. Rc5 {[%clk 0:12:30]} Rb4 {[%clk 0:00:32]} 40. Kc3
{[%clk 0:11:45]} Rb6 {[%clk 0:00:42]} 41. b4 {[%clk 0:11:19]} Kd6
{[%clk 0:00:35]} 42. b5 {[%clk 0:11:19]} Kd7 {[%clk 0:00:41]} 43. Kb4
{[%clk 0:11:35]} Kd6 {[%clk 0:00:40]} 44. Ka5 {[%clk 0:11:40]} Rb8
{[%clk 0:00:42]} 45. Ka6 {[%clk 0:11:20]} Ra8+ {[%clk 0:00:37]} 46. Kb7
{[%clk 0:11:45]} Ra2 {[%clk 0:00:37]} 47. Kc8 {[%clk 0:10:49]} Rxf2
{[%clk 0:00:34]} 48. b6 {[%clk 0:10:56]} Rxg2 {[%clk 0:00:43]} 49. b7
{[%clk 0:11:22]} Rb2 {[%clk 0:01:04]} 50. b8=Q+ {[%clk 0:11:23]} Rxb8+
{[%clk 0:01:29]} 51. Kxb8 {[%clk 0:11:48]} g3 {[%clk 0:00:33]} 52. Kb7
{[%clk 0:10:38]} e5 {[%clk 0:00:32]} 53. Rc6+ {[%clk 0:10:50]} Ke7
{[%clk 0:00:31]} 54. dxe5 {[%clk 0:07:58]} d4 {[%clk 0:00:32]} 55. exd4
{[%clk 0:04:46]} f4 {[%clk 0:00:42]} 56. Rg6 {[%clk 0:04:40]} Kf7
{[%clk 0:00:38]} 57. Rf6+ {[%clk 0:05:05]} Ke7 {[%clk 0:00:59]} 58. Rxf4
{[%clk 0:05:23]} Ke6 {[%clk 0:00:33]} 59. Rg4 {[%clk 0:05:41]} Kd5
{[%clk 0:00:58]} 60. Rxg3 {[%clk 0:05:53]} Kxd4 {[%clk 0:01:25]} 61. e6
{[%clk 0:06:01]} Kd5 {[%clk 0:01:07]} 62. e7 {[%clk 0:06:10]} Kc5
{[%clk 0:01:19]} 63. e8=Q {[%clk 0:06:24]} Kd4 {[%clk 0:01:27]} 64. Qe3+
{[%clk 0:06:40]} Kd5 {[%clk 0:01:27]} 65. Qf4 {[%clk 0:06:54]} Ke6
{[%clk 0:01:15]} 66. Re3+ {[%clk 0:07:14]} Kd5 {[%clk 0:01:20]} 67. Qd4+
{[%clk 0:07:36]} 1-0

[Event "PMPJ 2022- D17"]
[Site "Jastrzebia Gora"]
[Date "2022.11.09"]
[Round "5.1"]
[White "Pietrzak, Emilia"]
[Black "Krzyzosiak, Anna"]
[Result "1/2-1/2"]
[BlackElo "1434"]
[WhiteElo "1386"]
[LiveChessVersion "1.4.8"]

1. e4 {[%clk 1:29:05]} c5 {[%clk 1:30:51]} 2. Nf3 {[%clk 1:29:32]} d6
{[%clk 1:31:12]} 3. d4 {[%clk 1:29:58]} cxd4 {[%clk 1:31:35]} 4. Qxd4
{[%clk 1:30:22]} Nc6 {[%clk 1:29:00]} 5. Bb5 {[%clk 1:30:44]} Bd7
{[%clk 1:28:09]} 6. Bxc6 {[%clk 1:31:00]} Bxc6 {[%clk 1:27:53]} 7. Nc3
{[%clk 1:31:15]} Nf6 {[%clk 1:22:49]} 8. Bg5 {[%clk 1:29:55]} e5 {[%clk 1:15:51]}
9. Qd3 {[%clk 1:28:36]} Be7 {[%clk 1:10:10]} 10. O-O-O {[%clk 1:24:40]} Ng4
{[%clk 0:50:08]} 11. Bxe7 {[%clk 1:22:40]} Qxe7 {[%clk 0:50:00]} 12. Rd2
{[%clk 1:22:02]} Rd8 {[%clk 0:36:37]} 13. Rhd1 {[%clk 1:09:41]} O-O
{[%clk 0:29:28]} 14. h3 {[%clk 1:00:21]} Nf6 {[%clk 0:28:36]} 15. Qe3
{[%clk 0:57:45]} b5 {[%clk 0:24:15]} 16. g4 {[%clk 0:49:43]} b4 {[%clk 0:22:09]}
17. Nd5 {[%clk 0:49:52]} Nxd5 {[%clk 0:21:42]} 18. exd5 {[%clk 0:50:19]} Ba4
{[%clk 0:18:48]} 19. g5 {[%clk 0:42:38]} Rc8 {[%clk 0:17:09]} 20. Nd4
{[%clk 0:41:07]} Qc7 {[%clk 0:15:50]} 21. Nb3 {[%clk 0:40:35]} Bxb3
{[%clk 0:15:36]} 22. Qxb3 {[%clk 0:40:47]} a5 {[%clk 0:14:11]} 23. Qa4
{[%clk 0:37:05]} Qa7 {[%clk 0:12:09]} 24. h4 {[%clk 0:34:43]} Rc4
{[%clk 0:11:09]} 25. h5 {[%clk 0:34:13]} Rfc8 {[%clk 0:10:28]} 26. Kb1
{[%clk 0:33:44]} Qc7 {[%clk 0:09:31]} 27. Rc1 {[%clk 0:32:43]} Rb8
{[%clk 0:06:53]} 28. Qb3 {[%clk 0:29:03]} a4 {[%clk 0:02:56]} 29. Qf3
{[%clk 0:21:21]} Rc8 {[%clk 0:02:46]} 30. h6 {[%clk 0:19:42]} b3 {[%clk 0:02:01]}
31. c3 {[%clk 0:18:51]} bxa2+ {[%clk 0:02:25]} 32. Ka1 {[%clk 0:14:04]} Rf4
{[%clk 0:01:03]} 33. Qh3 {[%clk 0:12:22]} g6 {[%clk 0:01:15]} 34. Rdc2
{[%clk 0:08:24]} Qb7 {[%clk 0:00:42]} 35. Qd3 {[%clk 0:08:09]} Rb8
{[%clk 0:00:41]} 36. Qd2 {[%clk 0:07:45]} a3 {[%clk 0:00:44]} 37. b4
{[%clk 0:08:02]} Rc4 {[%clk 0:00:39]} 38. Kxa2 {[%clk 0:08:17]} 1/2-1/2

[Event "PMPJ 2022- D17"]
[Site "Jastrzebia Gora"]
[Date "2022.11.09"]
[Round "5.2"]
[White "Gornisiewicz, Natalia"]
[Black "Bartoszek, Julia"]
[Result "1/2-1/2"]
[BlackElo "1253"]
[WhiteElo "1384"]
[LiveChessVersion "1.4.8"]

1. Nf3 {[%clk 1:30:53]} Nf6 {[%clk 1:30:47]} 2. g3 {[%clk 1:31:16]} c5
{[%clk 1:30:49]} 3. Bg2 {[%clk 1:31:34]} d5 {[%clk 1:31:04]} 4. O-O
{[%clk 1:31:51]} Nc6 {[%clk 1:31:20]} 5. d3 {[%clk 1:32:11]} e5 {[%clk 1:31:40]}
6. c4 {[%clk 1:32:16]} d4 {[%clk 1:31:12]} 7. Bd2 {[%clk 1:30:20]} Bd6
{[%clk 1:30:03]} 8. Na3 {[%clk 1:29:22]} a6 {[%clk 1:29:10]} 9. Rb1
{[%clk 1:28:25]} O-O {[%clk 1:28:09]} 10. Nc2 {[%clk 1:27:52]} Rb8
{[%clk 1:26:41]} 11. b4 {[%clk 1:25:50]} Qc7 {[%clk 1:23:58]} 12. b5
{[%clk 1:24:55]} axb5 {[%clk 1:22:58]} 13. cxb5 {[%clk 1:25:16]} Ne7
{[%clk 1:22:21]} 14. Na3 {[%clk 1:23:20]} b6 {[%clk 1:20:36]} 15. Nc4
{[%clk 1:22:18]} Ng6 {[%clk 1:15:31]} 16. a4 {[%clk 1:20:44]} Be6
{[%clk 1:13:29]} 17. Qc2 {[%clk 1:14:04]} e4 {[%clk 1:08:43]} 18. Ng5
{[%clk 1:08:34]} exd3 {[%clk 1:07:03]} 19. exd3 {[%clk 1:08:15]} Bxc4
{[%clk 1:07:00]} 20. Qxc4 {[%clk 1:07:57]} Ne5 {[%clk 1:04:48]} 21. Qc2
{[%clk 1:06:35]} h6 {[%clk 1:02:38]} 22. Nf3 {[%clk 1:03:33]} Nxf3+
{[%clk 1:00:14]} 23. Bxf3 {[%clk 1:03:54]} Nd7 {[%clk 1:00:11]} 24. Be4
{[%clk 1:00:38]} f5 {[%clk 0:58:23]} 25. Bd5+ {[%clk 1:00:54]} Kh8
{[%clk 0:58:44]} 26. f4 {[%clk 1:00:33]} Rbe8 {[%clk 0:54:37]} 27. Rfe1
{[%clk 1:00:06]} Nb8 {[%clk 0:52:43]} 28. a5 {[%clk 0:58:42]} Rxe1+
{[%clk 0:52:29]} 29. Bxe1 {[%clk 0:59:03]} bxa5 {[%clk 0:52:20]} 30. b6
{[%clk 0:59:22]} Qe7 {[%clk 0:52:22]} 1/2-1/2

[Event "PMPJ 2022- D17"]
[Site "Jastrzebia Gora"]
[Date "2022.11.09"]
[Round "5.3"]
[White "Czerwinska, Oliwia"]
[Black "Bychowska, Marta"]
[Result "0-1"]
[BlackElo "1481"]
[WhiteElo "1392"]
[LiveChessVersion "1.4.8"]

1. e4 {[%clk 1:30:57]} e5 {[%clk 1:30:57]} 2. Nf3 {[%clk 1:31:23]} Nf6
{[%clk 1:31:23]} 3. Nc3 {[%clk 1:31:25]} Nc6 {[%clk 1:31:49]} 4. Bc4
{[%clk 1:31:34]} Bc5 {[%clk 1:31:58]} 5. d3 {[%clk 1:31:53]} d6 {[%clk 1:32:13]}
6. Bg5 {[%clk 1:31:29]} h6 {[%clk 1:32:34]} 7. Bh4 {[%clk 1:31:54]} g5
{[%clk 1:31:49]} 8. Bg3 {[%clk 1:32:18]} Bg4 {[%clk 1:31:42]} 9. Na4
{[%clk 1:25:10]} Bb6 {[%clk 1:28:22]} 10. Nxb6 {[%clk 1:23:13]} axb6
{[%clk 1:28:28]} 11. c3 {[%clk 1:22:14]} Na5 {[%clk 1:26:07]} 12. Bb5+
{[%clk 1:21:54]} c6 {[%clk 1:26:16]} 13. Ba4 {[%clk 1:22:17]} b5 {[%clk 1:26:35]}
14. Bc2 {[%clk 1:22:40]} c5 {[%clk 1:25:35]} 15. Qe2 {[%clk 1:21:22]} Qb6
{[%clk 1:23:38]} 16. h3 {[%clk 1:18:53]} Bh5 {[%clk 1:23:31]} 17. Qe3
{[%clk 1:17:34]} Nd7 {[%clk 1:12:38]} 18. Nd2 {[%clk 1:16:05]} b4
{[%clk 1:06:46]} 19. c4 {[%clk 1:11:43]} Nf8 {[%clk 1:03:50]} 20. Bh2
{[%clk 1:08:34]} Ne6 {[%clk 1:03:37]} 21. g4 {[%clk 1:08:18]} Bg6
{[%clk 1:03:59]} 22. Nb3 {[%clk 1:05:50]} Nxb3 {[%clk 1:03:59]} 23. Bxb3
{[%clk 1:05:48]} Nd4 {[%clk 1:03:25]} 24. Bd1 {[%clk 0:55:41]} Ke7
{[%clk 0:53:34]} 25. O-O {[%clk 0:50:19]} Ra6 {[%clk 0:51:17]} 26. Qc1
{[%clk 0:34:32]} Rha8 {[%clk 0:48:40]} 27. Qb1 {[%clk 0:33:54]} Qa7
{[%clk 0:47:29]} 28. a4 {[%clk 0:29:49]} b3 {[%clk 0:45:24]} 29. Ra3
{[%clk 0:28:42]} Rxa4 {[%clk 0:45:36]} 30. Bxb3 {[%clk 0:21:09]} Rxa3
{[%clk 0:45:33]} 31. bxa3 {[%clk 0:21:14]} Nf3+ {[%clk 0:45:35]} 32. Kg2
{[%clk 0:21:31]} Nd2 {[%clk 0:46:01]} 33. Qb2 {[%clk 0:21:43]} Nxf1
{[%clk 0:46:03]} 34. Kxf1 {[%clk 0:22:00]} Qxa3 {[%clk 0:46:19]} 35. Qb1
{[%clk 0:21:02]} Qa1 {[%clk 0:46:36]} 36. Qxa1 {[%clk 0:21:23]} Rxa1+
{[%clk 0:47:00]} 37. Kg2 {[%clk 0:20:05]} Ra3 {[%clk 0:47:08]} 38. Bc2
{[%clk 0:20:29]} Rc3 {[%clk 0:47:33]} 39. Bb1 {[%clk 0:20:53]} Rc1
{[%clk 0:47:57]} 40. Ba2 {[%clk 0:21:06]} Rd1 {[%clk 0:48:18]} 41. Kg3
{[%clk 0:20:09]} Rxd3+ {[%clk 0:48:38]} 42. Kg2 {[%clk 0:19:08]} Bxe4+
{[%clk 0:49:01]} 43. Kf1 {[%clk 0:19:23]} Ra3 {[%clk 0:49:11]} 0-1

[Event "PMPJ 2022- D17"]
[Site "Jastrzebia Gora"]
[Date "2022.11.09"]
[Round "5.5"]
[White "Tittor, Weronika"]
[Black "Bauer, Marika"]
[Result "1-0"]
[BlackElo "1129"]
[WhiteElo "1335"]
[LiveChessVersion "1.4.8"]

1. e4 {[%clk 1:30:57]} e5 {[%clk 1:30:48]} 2. Nf3 {[%clk 1:31:05]} Nc6
{[%clk 1:31:09]} 3. d4 {[%clk 1:31:11]} exd4 {[%clk 1:31:12]} 4. Bc4
{[%clk 1:31:33]} Bc5 {[%clk 1:30:43]} 5. Ng5 {[%clk 1:31:11]} Bb4+
{[%clk 1:18:28]} 6. c3 {[%clk 1:31:26]} dxc3 {[%clk 1:10:47]} 7. bxc3
{[%clk 1:31:41]} Ne5 {[%clk 1:01:01]} 8. Qd5 {[%clk 1:31:14]} Qe7
{[%clk 0:58:49]} 9. cxb4 {[%clk 1:31:29]} Nf6 {[%clk 0:57:05]} 10. Qd4
{[%clk 1:31:07]} Nxc4 {[%clk 0:47:53]} 11. Qxc4 {[%clk 1:31:08]} d5
{[%clk 0:46:51]} 12. Qe2 {[%clk 1:30:30]} Qxb4+ {[%clk 0:45:25]} 13. Bd2
{[%clk 1:30:37]} Qb2 {[%clk 0:39:10]} 14. O-O {[%clk 1:27:37]} h6
{[%clk 0:31:20]} 15. exd5+ {[%clk 1:25:29]} Kf8 {[%clk 0:31:29]} 16. Nxf7
{[%clk 1:21:26]} Kxf7 {[%clk 0:30:41]} 17. Nc3 {[%clk 1:20:42]} Re8
{[%clk 0:29:29]} 18. Qd3 {[%clk 1:20:38]} Qb6 {[%clk 0:29:30]} 19. Be3
{[%clk 1:16:25]} Qd6 {[%clk 0:29:03]} 20. Rad1 {[%clk 1:16:37]} b6
{[%clk 0:28:18]} 21. Nb5 {[%clk 1:16:35]} Qe5 {[%clk 0:27:50]} 22. Qc4
{[%clk 1:16:13]} Kf8 {[%clk 0:25:32]} 23. Nxc7 {[%clk 1:14:58]} Ng4
{[%clk 0:23:42]} 24. Bf4 {[%clk 1:14:47]} Qh5 {[%clk 0:22:23]} 25. Nxa8
{[%clk 1:14:29]} Bf5 {[%clk 0:22:19]} 26. Nc7 {[%clk 1:14:02]} Re7
{[%clk 0:22:14]} 27. d6 {[%clk 1:13:51]} Rd7 {[%clk 0:22:34]} 28. Ne6+
{[%clk 1:14:01]} Kg8 {[%clk 0:21:59]} 29. Ng5+ {[%clk 1:13:42]} Kf8
{[%clk 0:22:09]} 30. Ne6+ {[%clk 1:13:51]} Kg8 {[%clk 0:22:32]} 31. Nc5+
{[%clk 1:14:14]} Kh7 {[%clk 0:22:34]} 32. Nxd7 {[%clk 1:14:23]} g5
{[%clk 0:22:58]} 33. Bg3 {[%clk 1:14:17]} 1-0

[Event "PMPJ 2022- D17"]
[Site "Jastrzebia Gora"]
[Date "2022.11.09"]
[Round "5.6"]
[White "Olszewska, Wiktoria"]
[Black "Labedz, Gabriela"]
[Result "0-1"]
[BlackElo "1365"]
[WhiteElo "1353"]
[LiveChessVersion "1.4.8"]

1. d4 {[%clk 1:29:57]} d5 {[%clk 1:30:55]} 2. Nf3 {[%clk 1:28:14]} c6
{[%clk 1:30:41]} 3. c4 {[%clk 1:24:24]} e6 {[%clk 1:30:49]} 4. e3
{[%clk 1:22:47]} f5 {[%clk 1:29:47]} 5. Ne5 {[%clk 1:19:09]} Nf6 {[%clk 1:27:43]}
6. Nd2 {[%clk 1:06:53]} Nbd7 {[%clk 1:23:05]} 7. Ndf3 {[%clk 1:02:37]} Bb4+
{[%clk 1:17:14]} 8. Bd2 {[%clk 0:57:02]} Bxd2+ {[%clk 1:16:24]} 9. Qxd2
{[%clk 0:55:37]} O-O {[%clk 1:14:34]} 10. Bd3 {[%clk 0:52:54]} Ne4
{[%clk 1:11:14]} 11. Bxe4 {[%clk 0:47:48]} fxe4 {[%clk 1:10:01]} 12. Nxd7
{[%clk 0:47:07]} Qxd7 {[%clk 1:06:22]} 13. Ne5 {[%clk 0:47:15]} Qd6
{[%clk 1:05:26]} 14. c5 {[%clk 0:40:48]} Qe7 {[%clk 1:04:01]} 15. O-O
{[%clk 0:38:30]} Bd7 {[%clk 1:01:31]} 16. Rac1 {[%clk 0:34:22]} Be8
{[%clk 0:59:03]} 17. Qd1 {[%clk 0:28:26]} Kh8 {[%clk 0:57:45]} 18. Qg4
{[%clk 0:27:24]} Rf5 {[%clk 0:51:53]} 19. f4 {[%clk 0:19:14]} exf3
{[%clk 0:48:38]} 20. Nxf3 {[%clk 0:19:10]} Bh5 {[%clk 0:46:53]} 21. Qg3
{[%clk 0:16:00]} Raf8 {[%clk 0:44:57]} 22. Ne5 {[%clk 0:13:59]} Qf6
{[%clk 0:41:50]} 23. Rxf5 {[%clk 0:12:18]} Qxf5 {[%clk 0:41:59]} 24. Nd7
{[%clk 0:11:58]} Re8 {[%clk 0:36:31]} 25. Rf1 {[%clk 0:10:17]} Qg4
{[%clk 0:32:00]} 26. Qd6 {[%clk 0:07:04]} h6 {[%clk 0:29:51]} 27. Ne5
{[%clk 0:04:27]} Qg5 {[%clk 0:28:16]} 28. Rf8+ {[%clk 0:01:52]} Kh7
{[%clk 0:27:10]} 29. Kf2 {[%clk 0:00:57]} Qh4+ {[%clk 0:25:35]} 30. Kg1
{[%clk 0:00:36]} Qe1+ {[%clk 0:24:55]} 31. Rf1 {[%clk 0:00:57]} Qxe3+
{[%clk 0:24:58]} 32. Kh1 {[%clk 0:01:06]} Qxd4 {[%clk 0:23:59]} 33. b3
{[%clk 0:00:40]} Be2 {[%clk 0:22:12]} 34. Rg1 {[%clk 0:00:38]} Qf2
{[%clk 0:21:34]} 35. Qd7 {[%clk 0:00:32]} Rf8 {[%clk 0:21:24]} 36. Nf7
{[%clk 0:00:37]} Rxf7 {[%clk 0:21:39]} 0-1

[Event "PMPJ 2022- D17"]
[Site "Jastrzebia Gora"]
[Date "2022.11.09"]
[Round "5.7"]
[White "Samol, Julia"]
[Black "Lopusiewicz, Marta"]
[Result "1-0"]
[BlackElo "1270"]
[WhiteElo "1312"]
[LiveChessVersion "1.4.8"]

1. e4 {[%clk 1:30:57]} c6 {[%clk 1:30:57]} 2. d4 {[%clk 1:31:23]} d5
{[%clk 1:31:24]} 3. Nc3 {[%clk 1:31:44]} dxe4 {[%clk 1:31:49]} 4. Nxe4
{[%clk 1:32:09]} Nf6 {[%clk 1:32:10]} 5. Nxf6+ {[%clk 1:31:58]} exf6
{[%clk 1:25:33]} 6. Nf3 {[%clk 1:26:50]} Bg4 {[%clk 1:24:30]} 7. Be2
{[%clk 1:26:51]} Bd6 {[%clk 1:22:45]} 8. O-O {[%clk 1:24:00]} O-O
{[%clk 1:22:52]} 9. h3 {[%clk 1:23:42]} Bh5 {[%clk 1:21:23]} 10. Nh4
{[%clk 1:20:26]} Bxe2 {[%clk 1:20:57]} 11. Qxe2 {[%clk 1:20:53]} Qc8
{[%clk 1:16:34]} 12. Qf3 {[%clk 1:17:40]} Re8 {[%clk 1:12:49]} 13. Nf5
{[%clk 1:16:18]} Bf8 {[%clk 1:12:54]} 14. Bd2 {[%clk 1:07:53]} Qd7
{[%clk 1:09:48]} 15. Bc3 {[%clk 1:03:15]} g6 {[%clk 1:06:37]} 16. Ng3
{[%clk 0:59:33]} Bg7 {[%clk 1:06:46]} 17. Rfe1 {[%clk 0:54:03]} Na6
{[%clk 1:05:39]} 18. Rad1 {[%clk 0:42:34]} f5 {[%clk 1:00:05]} 19. h4
{[%clk 0:34:46]} Nc7 {[%clk 0:55:30]} 20. Bd2 {[%clk 0:29:47]} Rxe1+
{[%clk 0:54:08]} 21. Rxe1 {[%clk 0:28:23]} Qd5 {[%clk 0:54:11]} 22. Re7
{[%clk 0:22:58]} Qd6 {[%clk 0:45:36]} 23. Re1 {[%clk 0:13:59]} Bxd4
{[%clk 0:38:29]} 24. Bf4 {[%clk 0:13:10]} Qd5 {[%clk 0:30:19]} 25. Bxc7
{[%clk 0:13:06]} Qxf3 {[%clk 0:30:40]} 26. gxf3 {[%clk 0:13:30]} Bxb2
{[%clk 0:30:52]} 27. Rb1 {[%clk 0:09:21]} Bf6 28. h5 {[%clk 0:08:59]} b6
{[%clk 0:31:14]} 29. Re1 {[%clk 0:07:42]} Kf8 {[%clk 0:29:31]} 30. Kg2
{[%clk 0:06:27]} Re8 {[%clk 0:27:38]} 31. Bd6+ {[%clk 0:06:43]} Be7
{[%clk 0:27:54]} 32. Bf4 {[%clk 0:06:04]} g5 {[%clk 0:27:04]} 33. Be5
{[%clk 0:05:17]} f6 {[%clk 0:26:44]} 34. Bc3 {[%clk 0:04:52]} f4 {[%clk 0:24:24]}
35. Ne4 {[%clk 0:03:43]} Kf7 {[%clk 0:22:58]} 36. Bxf6 {[%clk 0:01:24]} h6
{[%clk 0:22:00]} 37. Bc3 {[%clk 0:01:13]} Rd8 {[%clk 0:21:47]} 38. Nd2
{[%clk 0:00:59]} Bf6 {[%clk 0:21:19]} 39. Ne4 {[%clk 0:00:47]} Bxc3
{[%clk 0:19:10]} 40. Nxc3 {[%clk 0:01:15]} Rd2 {[%clk 0:19:24]} 41. Re2
{[%clk 0:01:39]} Rxe2 {[%clk 0:19:48]} 42. Nxe2 {[%clk 0:02:08]} b5
{[%clk 0:20:06]} 43. Nd4 {[%clk 0:02:31]} a6 {[%clk 0:19:30]} 44. Nxc6
{[%clk 0:02:58]} Ke6 {[%clk 0:19:52]} 45. Nb4 {[%clk 0:02:53]} a5
{[%clk 0:20:15]} 46. Nc6 {[%clk 0:03:11]} a4 {[%clk 0:20:32]} 47. Nd4+
{[%clk 0:03:38]} Kd5 {[%clk 0:20:54]} 48. Nxb5 {[%clk 0:04:00]} Kc4
{[%clk 0:21:11]} 49. Nd6+ {[%clk 0:02:20]} Kc3 {[%clk 0:21:24]} 50. Nf7
{[%clk 0:02:30]} a3 {[%clk 0:21:21]} 51. Nxh6 {[%clk 0:02:55]} Kb2
{[%clk 0:21:41]} 52. Nf7 {[%clk 0:02:54]} Kxa2 {[%clk 0:22:01]} 53. h6
{[%clk 0:03:23]} 1-0

[Event "PMPJ 2022- D17"]
[Site "Jastrzebia Gora"]
[Date "2022.11.09"]
[Round "6.1"]
[White "Bartoszek, Julia"]
[Black "Pietrzak, Emilia"]
[Result "0-1"]
[BlackElo "1386"]
[WhiteElo "1253"]
[LiveChessVersion "1.4.8"]

1. d4 {[%clk 1:30:49]} d5 {[%clk 1:28:26]} 2. Nf3 {[%clk 1:30:42]} Nf6
{[%clk 1:28:52]} 3. Bf4 {[%clk 1:31:04]} e6 {[%clk 1:29:07]} 4. e3
{[%clk 1:30:52]} Be7 {[%clk 1:29:19]} 5. Nbd2 {[%clk 1:30:01]} O-O
{[%clk 1:29:26]} 6. c4 {[%clk 1:29:49]} b6 {[%clk 1:29:27]} 7. Qc2
{[%clk 1:29:14]} c5 {[%clk 1:28:32]} 8. dxc5 {[%clk 1:27:01]} bxc5
{[%clk 1:28:40]} 9. cxd5 {[%clk 1:25:51]} exd5 {[%clk 1:28:38]} 10. Bg5
{[%clk 1:23:03]} Qa5 {[%clk 1:26:17]} 11. Be2 {[%clk 1:19:28]} Be6
{[%clk 1:21:29]} 12. O-O {[%clk 1:17:51]} Nbd7 {[%clk 1:20:34]} 13. e4
{[%clk 1:14:05]} h6 {[%clk 1:11:00]} 14. exd5 {[%clk 1:12:38]} Bxd5
{[%clk 1:10:20]} 15. Bh4 {[%clk 1:10:23]} g5 {[%clk 1:06:40]} 16. Bg3
{[%clk 1:09:22]} Nh5 {[%clk 1:05:14]} 17. Nc4 {[%clk 1:06:55]} Qb4
{[%clk 0:51:57]} 18. Rad1 {[%clk 0:56:03]} Ndf6 {[%clk 0:49:32]} 19. Be5
{[%clk 0:52:49]} Be4 {[%clk 0:47:53]} 20. Qc1 {[%clk 0:49:26]} Nd5
{[%clk 0:43:34]} 21. Bd6 {[%clk 0:35:10]} Nhf4 {[%clk 0:40:07]} 22. Rfe1
{[%clk 0:30:33]} Nxe2+ {[%clk 0:35:14]} 23. Rxe2 {[%clk 0:30:52]} Bxf3
{[%clk 0:35:15]} 24. gxf3 {[%clk 0:27:58]} Bxd6 {[%clk 0:35:12]} 25. Nxd6
{[%clk 0:26:02]} Nf4 {[%clk 0:34:10]} 26. Re3 {[%clk 0:20:06]} Nh3+
{[%clk 0:32:11]} 27. Kg2 {[%clk 0:16:13]} Qh4 {[%clk 0:30:16]} 28. Qc2
{[%clk 0:15:41]} Nf4+ {[%clk 0:26:57]} 29. Kg1 {[%clk 0:15:31]} Qh3
{[%clk 0:26:49]} 0-1